| 000 | 01059cam a22002894a 4500 | ||
|---|---|---|---|
| 999 |
_c129949 _d129949 |
||
| 001 | 14757864 | ||
| 003 | ARRUPE | ||
| 005 | 20191017111704.0 | ||
| 008 | 070305s2007 caua bf 001 0 eng | ||
| 010 | _a 2007924083 | ||
| 020 | _a9781412929127 | ||
| 020 | _a9781412929134 (pbk.) | ||
| 040 |
_aDLC _cDLC _dDLC |
||
| 050 | 0 | 0 |
_aLB1028 _b.C554 2002 |
| 082 | 0 | 0 |
_a370.72 _222 |
| 100 | 1 |
_aClough, Peter, _d1949- _948443 |
|
| 245 | 1 | 2 |
_aA student's guide to methodology : _bjustifying enquiry / _cPeter Clough, Cathy Nutbrown. |
| 260 |
_aLondon : _bSAGE Publications, _cc2002. |
||
| 300 |
_axii, 212 p. : _bill. ; _c24 cm. |
||
| 504 | _aIncludes bibliographical references (p. [244]-250) and indexes. | ||
| 650 | 0 |
_aEducation _xResearch _xMethodology _vHandbooks, manuals, etc. _948444 |
|
| 700 | 1 |
_aNutbrown, Cathy. _948445 |
|
| 856 | 4 | 1 |
_3Table of contents _uhttp://www.loc.gov/catdir/toc/fy0803/2007924083.html |
| 906 |
_a7 _bcbc _corignew _d2 _eepcn _f20 _gy-gencatlg |
||
| 942 |
_2lcc _cMONOGRAPH |
||